Géologie de la Martinique. (Record no. 30183)
[ view plain ]
| 000 -LEADER | |
|---|---|
| fixed length control field | 01000cam a22002531 4500 |
| 001 - CONTROL NUMBER | |
| control field | gs 66000059 |
| 003 - CONTROL NUMBER IDENTIFIER | |
| control field | DLC |
| 005 - DATE AND TIME OF LATEST TRANSACTION | |
| control field | 20260227111418.0 |
| 008 - FIXED-LENGTH DATA ELEMENTS--GENERAL INFORMATION | |
| fixed length control field | 780720s1965 fr bf b 000 0 fre c |
| 010 ## - LIBRARY OF CONGRESS CONTROL NUMBER | |
| LC control number | gs 66000059 |
| 035 ## - SYSTEM CONTROL NUMBER | |
| System control number | (OCoLC)4069546 |
| 040 ## - CATALOGING SOURCE | |
| Original cataloging agency | U. S. Geol. Survey. Libr. |
| Transcribing agency | OAkU |
| Modifying agency | DLC |
| 042 ## - AUTHENTICATION CODE | |
| Authentication code | premarc |
| 050 00 - LIBRARY OF CONGRESS CALL NUMBER | |
| Classification number | QE226.M4 |
| Item number | G7 |
| 100 1# - MAIN ENTRY--PERSONAL NAME | |
| Personal name | Grunevald, Henri. |
| 245 10 - TITLE STATEMENT | |
| Title | Géologie de la Martinique. |
| 260 ## - PUBLICATION, DISTRIBUTION, ETC. | |
| Place of publication, distribution, etc. | Paris, |
| Name of publisher, distributor, etc. | Impr. nationale, |
| Date of publication, distribution, etc. | 1965. |
| 300 ## - PHYSICAL DESCRIPTION | |
| Extent | 144 p. |
| Other physical details | illus., maps (part fold., 1 col. in pocket) 4 plates. |
| Dimensions | 32 cm. |
| 490 1# - SERIES STATEMENT | |
| Series statement | Mémoires pour servir à l'explication de la carte géologique détaillée de la France: Département de la Martinique |
| 504 ## - BIBLIOGRAPHY, ETC. NOTE | |
| Bibliography, etc. note | Bibliography: p. 133-135. |
| 650 #0 - SUBJECT ADDED ENTRY--TOPICAL TERM | |
| Topical term or geographic name entry element | Geology |
| Geographic subdivision | Martinique. |
| 650 #0 - SUBJECT ADDED ENTRY--TOPICAL TERM | |
| Topical term or geographic name entry element | Petrology |
| Geographic subdivision | Martinique. |
| 810 1# - SERIES ADDED ENTRY--CORPORATE NAME | |
| Corporate name or jurisdiction name as entry element | France. |
| Subordinate unit | Service de la carte géologique de la France. |
| Title of a work | Mémoires pour servir à l'explication de la carte géologique detaillée de la France: Département de la Martinique. |
No items available.